[Event "Pavlodar op"]
[Site "Pavlodar"]
[Date "2017.11.23"]
[Round "3"]
[White "Kim, Valeriy"]
[Black "Grebenschikov, Vladimir"]
[Result "0-1"]
[WhiteElo "1799"]
[BlackElo "2168"]
[PlyCount "44"]
[EventDate "2017.11.21"]
[EventType "swiss"]
[EventRounds "9"]
[EventCountry "KAZ"]
[SourceTitle "EXT 2019"]
[Source "ChessBase"]
[SourceDate "2018.10.10"]
[SourceVersion "1"]
[SourceVersionDate "2018.10.10"]
[SourceQuality "1"]

1. Nf3 c5 2. g3 g6 3. Bg2 Bg7 4. 0-0 Nc6 5. d3 d5 6. Nbd2 Nf6 7. c3 0-0 8. Qc2 b6 9. a3 a5 10. Re1 Bb7 11. Rb1 Rc8 12. Nf1 Re8 13. e4 e5 14. Bg5 d4 15. c4 h6 16. Bd2 Qd6 17. Rbd1 Rc7 18. Nh4 Bc8 19. h3 Be6 20. Kh2 Qd7 21. g4 h5 22. g5 Nh7 0-1

[Event "Pavlodar op"]
[Site "Pavlodar"]
[Date "2017.11.23"]
[Round "4"]
[White "Kononenko, Vsevolod"]
[Black "Grebenschikov, Vladimir"]
[Result "1/2-1/2"]
[WhiteElo "1923"]
[BlackElo "2168"]
[PlyCount "32"]
[EventDate "2017.11.21"]
[EventType "swiss"]
[EventRounds "9"]
[EventCountry "KAZ"]
[SourceTitle "EXT 2019"]
[Source "ChessBase"]
[SourceDate "2018.10.10"]
[SourceVersion "1"]
[SourceVersionDate "2018.10.10"]
[SourceQuality "1"]

1. e4 c5 2. Nc3 Nc6 3. g3 Nf6 4. Bg2 d6 5. h3 g6 6. d3 Bg7 7. Be3 Qb6 8. Qc1 h6 9. Nge2 Nd4 10. 0-0 g5 11. Rb1 e5 12. b4 cxb4 13. a3 a5 14. Bxd4 exd4 15. Na2 Be6 16. Qb2 Nd7 1/2-1/2

[Event "Pavlodar op"]
[Site "Pavlodar"]
[Date "2016.11.27"]
[Round "8"]
[White "Vokarev, Sergey"]
[Black "Grebenschikov, Vladimir"]
[Result "1-0"]
[WhiteElo "2454"]
[BlackElo "2162"]
[PlyCount "77"]
[EventDate "2016.11.21"]
[EventType "swiss"]
[EventRounds "10"]
[EventCountry "KAZ"]
[SourceTitle "EXT 2018"]
[Source "ChessBase"]
[SourceDate "2017.10.13"]
[SourceVersion "1"]
[SourceVersionDate "2017.10.13"]
[SourceQuality "1"]

1. Nf3 c5 2. g3 b6 3. Bg2 Bb7 4. 0-0 g6 5. c4 Bg7 6. Nc3 Nc6 7. e3 Nh6 8. b3 0-0 9. Bb2 e5 10. d3 f5 11. Nd5 d6 12. Ne1 Qd7 13. Qd2 Rae8 14. Rd1 Ne7 15. Nxe7+ Rxe7 16. Bxb7 Qxb7 17. Ng2 Rfe8 18. Rfe1 Nf7 19. f4 d5 20. Qc2 d4 21. exd4 exd4 22. Rxe7 Rxe7 23. Re1 Nd8 24. Bc1 Kf7 25. Bd2 Bh6 26. Qd1 Ne6 27. Kf2 b5 28. cxb5 Qxb5 29. Qc2 a5 30. Rc1 Ra7 31. Qc4 Qxc4 32. Rxc4 Bf8 33. Ne1 Ke7 34. Nf3 Kd6 35. Ra4 Kc6 36. Rc4 Kd5 37. Ra4 Kc6 38. Ne5+ Kb5 39. Nc4 1-0

[Event "Cholpon Ata Issyk Kul op"]
[Site "Cholpon Ata"]
[Date "2016.06.25"]
[Round "5"]
[White "Sezdbekov, Ruslan"]
[Black "Grebenschikov, Vladimir"]
[Result "1-0"]
[WhiteElo "2043"]
[BlackElo "2166"]
[PlyCount "87"]
[EventDate "2016.06.21"]
[EventType "swiss"]
[EventRounds "9"]
[EventCountry "KGZ"]
[SourceTitle "EXT 2017"]
[Source "ChessBase"]
[SourceDate "2016.10.25"]
[SourceVersion "1"]
[SourceVersionDate "2016.10.25"]
[SourceQuality "1"]

1. e4 c5 2. Nf3 d6 3. d4 cxd4 4. Nxd4 Nf6 5. Nc3 a6 6. Be2 e6 7. 0-0 b5 8. a3 Bb7 9. f3 Nbd7 10. Qe1 Rc8 11. Qg3 Qc7 12. Be3 Nb6 13. Rad1 Nc4 14. Bxc4 Qxc4 15. Nb3 Qc7 16. Rd3 d5 17. Bf4 Qd8 18. Be5 b4 19. axb4 Qb6+ 20. Bd4 Qxb4 21. Bxf6 gxf6 22. exd5 e5 23. f4 Bd6 24. Re3 Kf8 25. fxe5 Bxe5 26. Rxe5 fxe5 27. Qxe5 Rg8 28. Nd4 Qe7 29. Qf4 Rg6 30. Nf5 Qc7 31. Qf3 Re8 32. Kh1 Re5 33. Qf4 h5 34. Nh4 Rg4 35. Qf6 Reg5 36. Qh8+ Rg8 37. Qh6+ Ke8 38. Qxh5 R4g5 39. Qf3 Rh8 40. g3 Rhh5 41. Rd1 Qe5 42. Ne4 Rf5 43. Nxf5 Rxf5 44. Qxf5 1-0

[Event "Cholpon Ata Issyk Kul op"]
[Site "Cholpon Ata"]
[Date "2016.06.24"]
[Round "4"]
[White "Grebenschikov, Vladimir"]
[Black "Pahomeev, Oleg"]
[Result "1/2-1/2"]
[WhiteElo "2166"]
[BlackElo "1988"]
[PlyCount "89"]
[EventDate "2016.06.21"]
[EventType "swiss"]
[EventRounds "9"]
[EventCountry "KGZ"]
[SourceTitle "EXT 2017"]
[Source "ChessBase"]
[SourceDate "2016.10.25"]
[SourceVersion "1"]
[SourceVersionDate "2016.10.25"]
[SourceQuality "1"]

1. d4 Nf6 2. c4 e6 3. Nc3 Bb4 4. Qc2 d6 5. a3 Bxc3+ 6. Qxc3 Nbd7 7. f3 e5 8. d5 e4 9. f4 a5 10. Nh3 a4 11. Nf2 Nc5 12. Be3 Nb3 13. Rd1 0-0 14. h3 Re8 15. g4 Nd7 16. Bg2 Ndc5 17. f5 Qe7 18. 0-0 Bd7 19. Bxc5 Nxc5 20. Rd4 e3 21. Nd1 Qg5 22. Rf3 b5 23. cxb5 Bxb5 24. Qe1 Qf6 25. Rb4 Rab8 26. Nc3 Bd7 27. Nd1 Rxb4 28. Qxb4 h6 29. Rxe3 Rxe3 30. Nxe3 Qe5 31. Qc3 Qf6 32. Nf1 Bb5 33. e3 Qe5 34. Ng3 Qe7 35. Nh5 Qg5 36. Nf4 Kf8 37. Kf2 Ke7 38. Qb4 Bd3 39. Bf3 Bc2 40. Qd4 Bb3 41. Ke1 Qf6 42. Qxf6+ Kxf6 43. Kd2 Kg5 44. Kc3 Kh4 45. Nd3 1/2-1/2

[Event "Cholpon Ata Issyk Kul op"]
[Site "Cholpon Ata"]
[Date "2016.06.23"]
[Round "3"]
[White "Markov, Mikhail2222"]
[Black "Grebenschikov, Vladimir"]
[Result "1-0"]
[WhiteElo "2340"]
[BlackElo "2166"]
[PlyCount "77"]
[EventDate "2016.06.21"]
[EventType "swiss"]
[EventRounds "9"]
[EventCountry "KGZ"]
[SourceTitle "EXT 2017"]
[Source "ChessBase"]
[SourceDate "2016.10.25"]
[SourceVersion "1"]
[SourceVersionDate "2016.10.25"]
[SourceQuality "1"]

1. c4 c5 2. Nf3 g6 3. g3 Bg7 4. Bg2 Nc6 5. 0-0 Nf6 6. d4 cxd4 7. Nxd4 0-0 8. Nc3 Nxd4 9. Qxd4 d6 10. Qd2 Rb8 11. b3 a6 12. Bb2 b5 13. cxb5 axb5 14. Rfc1 Be6 15. Nd5 Bxd5 16. Bxd5 Qd7 17. Bc6 Qf5 18. Qd3 Qh3 19. Bg2 Qh6 20. h4 g5 21. hxg5 Qxg5 22. a3 Rfc8 23. Rxc8+ Rxc8 24. a4 Nd7 25. Bxg7 Qxg7 26. Qd1 bxa4 27. bxa4 Rc2 28. Bf3 Rd2 29. Qe1 Qd4 30. a5 Ne5 31. Bh5 Rc2 32. a6 Qa7 33. Qd1 Rc6 34. Qa4 Kg7 35. e3 e6 36. Qd4 Rb6 37. Qxb6 Qxb6 38. a7 Kh6 39. Bd1 1-0

[Event "Pavlodar op"]
[Site "Pavlodar"]
[Date "2015.12.16"]
[Round "10"]
[White "Grebenschikov, Vladimir"]
[Black "Bigabylov, Zhuban"]
[Result "0-1"]
[WhiteElo "2212"]
[BlackElo "2100"]
[PlyCount "60"]
[EventDate "2015.12.07"]
[EventType "swiss"]
[EventRounds "10"]
[EventCountry "KAZ"]
[SourceTitle "EXT 2017"]
[Source "ChessBase"]
[SourceDate "2016.10.25"]
[SourceVersion "1"]
[SourceVersionDate "2016.10.25"]
[SourceQuality "1"]

1. d4 Nf6 2. c4 g6 3. f3 Bg7 4. e4 d6 5. Ne2 0-0 6. Be3 a6 7. a4 Nc6 8. Qd2 Rb8 9. Na3 e6 10. h4 d5 11. cxd5 exd5 12. e5 Ne8 13. h5 Qe7 14. Nc3 Be6 15. g4 Na5 16. Rd1 b5 17. axb5 axb5 18. Bxb5 c6 19. Bd3 c5 20. Qh2 g5 21. h6 Bh8 22. Qc2 f6 23. Rh5 cxd4 24. Bxd4 Nb3 25. Bf2 fxe5 26. Bxh7+ Qxh7 27. Rxg5+ Ng7 28. Qxh7+ Kxh7 29. hxg7 Bxg7 30. Nxd5 Rxf3 0-1

[Event "Pavlodar op"]
[Site "Pavlodar"]
[Date "2015.12.13"]
[Round "7"]
[White "Kuznetsov, Alexandr"]
[Black "Grebenschikov, Vladimir"]
[Result "0-1"]
[WhiteElo "1923"]
[BlackElo "2212"]
[PlyCount "102"]
[EventDate "2015.12.07"]
[EventType "swiss"]
[EventRounds "10"]
[EventCountry "KAZ"]
[SourceTitle "EXT 2017"]
[Source "ChessBase"]
[SourceDate "2016.10.25"]
[SourceVersion "1"]
[SourceVersionDate "2016.10.25"]
[SourceQuality "1"]

1. e4 c5 2. Nf3 d6 3. d4 cxd4 4. Nxd4 Nf6 5. Nc3 a6 6. a4 b6 7. Be2 Bb7 8. f3 Nbd7 9. Be3 Rc8 10. 0-0 e6 11. Nb3 Be7 12. Kh1 0-0 13. Bd3 Rc7 14. Qe2 Qa8 15. Qf2 Nc5 16. Nxc5 bxc5 17. b3 Nd7 18. Rad1 Rd8 19. Qg3 Qc8 20. Nb1 Nf8 21. Nd2 d5 22. Bf4 Rc6 23. e5 Rd7 24. Bh6 Ng6 25. Bg5 f6 26. exf6 gxf6 27. Bh6 f5 28. f4 Bf6 29. Be2 Bg7 30. Bg5 Qf8 31. Nf3 Bf6 32. Bxf6 Qxf6 33. Ne5 Rg7 34. Nxc6 Bxc6 35. Rg1 d4 36. Bf3 Be4 37. Bxe4 fxe4 38. Rdf1 Nh4 39. Qe1 Nf5 40. g3 Ne3 41. Rf2 Ng4 42. Re2 e3 43. Qf1 Qf5 44. Qf3 h5 45. Qa8+ Kh7 46. Qg2 Rf7 47. Rf1 e5 48. Qd5 h4 49. Kg2 h3+ 50. Kg1 e4 51. Qd8 d3 0-1

[Event "Pavlodar op"]
[Site "Pavlodar"]
[Date "2015.12.11"]
[Round "6"]
[White "Grebenschikov, Vladimir"]
[Black "Sisabayev, Kuanysh"]
[Result "0-1"]
[WhiteElo "2212"]
[BlackElo "2188"]
[PlyCount "48"]
[EventDate "2015.12.07"]
[EventType "swiss"]
[EventRounds "10"]
[EventCountry "KAZ"]
[SourceTitle "EXT 2017"]
[Source "ChessBase"]
[SourceDate "2016.10.25"]
[SourceVersion "1"]
[SourceVersionDate "2016.10.25"]
[SourceQuality "1"]

1. d4 Nf6 2. c4 e6 3. Nc3 Bb4 4. e3 0-0 5. Nge2 b6 6. a3 Bxc3+ 7. Nxc3 Bb7 8. Qc2 c5 9. dxc5 bxc5 10. Bd2 d6 11. Rd1 Qe7 12. f3 Nh5 13. Ne4 f5 14. Nf2 Nc6 15. Be2 f4 16. 0-0 Ne5 17. Ne4 Rad8 18. Rfe1 Qh4 19. Bf1 Ng4 20. fxg4 f3 21. gxf3 Rxf3 22. Ba5 Rdf8 23. h3 Bxe4 24. Qxe4 Qf2+ 0-1

[Event "Pavlodar op"]
[Site "Pavlodar"]
[Date "2013.12.17"]
[Round "8"]
[White "Tashimova, Nadiya"]
[Black "Grebenschikov, Vladimir"]
[Result "1-0"]
[WhiteElo "2060"]
[BlackElo "2219"]
[PlyCount "126"]
[EventDate "2013.12.10"]
[EventType "swiss"]
[EventRounds "10"]
[EventCountry "KAZ"]
[SourceTitle "CBM 158 Extra"]
[Source "ChessBase"]
[SourceDate "2014.02.28"]
[SourceVersion "1"]
[SourceVersionDate "2014.02.28"]
[SourceQuality "1"]

1. e4 e5 2. Nf3 Qe7 3. Bc4 c6 4. 0-0 d6 5. d4 Bg4 6. dxe5 dxe5 7. Be3 Nd7 8. b4 a6 9. Nbd2 b5 10. Bb3 Ngf6 11. c3 h6 12. a4 Qd8 13. Qc2 Be7 14. Nh4 c5 15. f3 c4 16. fxg4 Nxg4 17. Nxc4 bxc4 18. Bxc4 0-0 19. Nf5 Nxe3 20. Nxe3 Rc8 21. Rf3 Bg5 22. Qe2 Qb6 23. Re1 Nf6 24. Kh1 Bxe3 25. Rxe3 a5 26. b5 Rfd8 27. Bd5 Nxd5 28. exd5 f6 29. Qg4 Qc5 30. Rg3 Rc7 31. Qe6+ Rf7 32. Rd1 Rd6 33. Qe8+ Rf8 34. Qg6 Rf7 35. Qe4 Rfd7 36. Rgd3 Kf7 37. h3 g6 38. g4 Kg7 39. h4 Rc7 40. h5 gxh5 41. gxh5 Kf8 42. Rg3 Rf7 43. c4 Qf2 44. Rdg1 Rdd7 45. R3g2 Qb6 46. Rg8+ Ke7 47. Qg6 Kd6 48. Qxh6 Qf2 49. R8g6 Kc7 50. Qc1 Qf3+ 51. R1g2 e4 52. Rg8 Qxh5+ 53. Rh2 Qe5 54. Qa3 Kb6 55. c5+ Ka7 56. b6+ Ka6 57. d6 Qd5 58. Qe3 f5 59. Rd2 Qc6 60. Re8 Kb7 61. Qb3 f4 62. Rg8 Rh7+ 63. Rh2 e3+ 1-0

[Event "Pavlodar op"]
[Site "Pavlodar"]
[Date "2013.12.11"]
[Round "3"]
[White "Grebenschikov, Vladimir"]
[Black "Bayzhanova, Zhanar"]
[Result "1-0"]
[WhiteElo "2219"]
[BlackElo "2017"]
[PlyCount "70"]
[EventDate "2013.12.10"]
[EventType "swiss"]
[EventRounds "10"]
[EventCountry "KAZ"]
[SourceTitle "CBM 158 Extra"]
[Source "ChessBase"]
[SourceDate "2014.02.28"]
[SourceVersion "1"]
[SourceVersionDate "2014.02.28"]
[SourceQuality "1"]

1. d4 Nf6 2. c4 e6 3. Nc3 Bb4 4. Qc2 b6 5. a3 Bxc3+ 6. Qxc3 Bb7 7. f3 Nh5 8. Nh3 f5 9. Bg5 Nf6 10. 0-0-0 d6 11. Nf4 Qe7 12. h4 Nbd7 13. g3 0-0-0 14. Bh3 Qf7 15. d5 e5 16. Ne6 Rde8 17. Bxf5 Nh5 18. Bg4 Nxg3 19. Rh2 h6 20. Bd2 Rhg8 21. Rg1 Nf5 22. Qd3 Ne7 23. Rhg2 Rh8 24. Nxg7 Reg8 25. Be6 Qf6 26. Qe4 Rd8 27. Nh5 Qf8 28. Rg7 Kb8 29. Rf7 Qe8 30. Ng7 Nc5 31. Nxe8 Nxe4 32. fxe4 Rdxe8 33. Rgg7 Nc8 34. Rxc7 Ba6 35. b3 h5 1-0

[Event "Stone Flower 14th"]
[Site "Nizhnij Tagil"]
[Date "2013.12.05"]
[Round "9"]
[White "Grebenschikov, Vladimir"]
[Black "Pogromsky, Mikhail"]
[Result "0-1"]
[WhiteElo "2238"]
[BlackElo "2411"]
[PlyCount "69"]
[EventDate "2013.11.28"]
[EventType "tourn"]
[EventRounds "9"]
[EventCountry "RUS"]
[EventCategory "1"]
[SourceTitle "EXT 2015"]
[Source "ChessBase"]
[SourceDate "2014.11.20"]
[SourceVersion "1"]
[SourceVersionDate "2014.11.20"]
[SourceQuality "1"]

1. d4 Nf6 2. c4 e6 3. Nc3 Bb4 4. Qc2 0-0 5. a3 Bxc3+ 6. Qxc3 d6 7. f3 d5 8. cxd5 exd5 9. Bf4 c6 10. g4 Re8 11. h4 h5 12. g5 Nh7 13. Bg2 Nf8 14. Nh3 Nbd7 15. e4 Ng6 16. Bg3 Nb6 17. 0-0-0 Be6 18. Nf2 Nc4 19. Rhe1 b5 20. Qc2 a5 21. f4 dxe4 22. Bxe4 Bd5 23. f5 Nf8 24. Qe2 Bxe4 25. Nxe4 Qd5 26. Qf3 a4 27. Kb1 b4 28. axb4 Qb5 29. d5 Nxb2 30. Rd4 Nc4 31. Qc3 cxd5 32. Nc5 Rxe1+ 33. Bxe1 a3 34. Rxd5 Re8 35. Bd2 0-1

[Event "Stone Flower 14th"]
[Site "Nizhnij Tagil"]
[Date "2013.12.01"]
[Round "5"]
[White "Grebenschikov, Vladimir"]
[Black "Vaseptsov, Maxim"]
[Result "1-0"]
[WhiteElo "2238"]
[BlackElo "2206"]
[PlyCount "67"]
[EventDate "2013.11.28"]
[EventType "tourn"]
[EventRounds "9"]
[EventCountry "RUS"]
[EventCategory "1"]
[SourceTitle "EXT 2015"]
[Source "ChessBase"]
[SourceDate "2014.11.20"]
[SourceVersion "1"]
[SourceVersionDate "2014.11.20"]
[SourceQuality "1"]

1. d4 Nf6 2. c4 e6 3. Nc3 Bb4 4. Qc2 d5 5. cxd5 exd5 6. a3 Be7 7. Nf3 0-0 8. Bg5 Re8 9. e3 Nbd7 10. Bd3 c6 11. 0-0 Nf8 12. b4 Ng6 13. b5 Ne4 14. Bxe7 Qxe7 15. bxc6 bxc6 16. Rfc1 Bg4 17. Bxe4 dxe4 18. Nd2 Bf5 19. Ne2 Bd7 20. Qc5 f5 21. Ng3 Qf6 22. Rab1 Re7 23. Rb7 Rf8 24. Rxa7 Qh4 25. Qd6 Rf6 26. Ra8+ Kf7 27. Qb8 Be8 28. Rc5 f4 29. Nf5 Rxf5 30. Rxf5+ Ke6 31. Raa5 fxe3 32. Qb3+ Kd6 33. Nc4+ Ke6 34. Nxe3+ 1-0

[Event "Pavlodar op"]
[Site "Pavlodar"]
[Date "2012.08.11"]
[Round "7"]
[White "Grebenschikov, Vladimir"]
[Black "Lozhnikov, Vyacheslav"]
[Result "1-0"]
[WhiteElo "2271"]
[BlackElo "2304"]
[PlyCount "50"]
[EventDate "2012.08.05"]
[EventType "swiss"]
[EventRounds "7"]
[EventCountry "KAZ"]
[SourceTitle "EXT 2014"]
[Source "ChessBase"]
[SourceDate "2013.11.20"]
[SourceVersion "1"]
[SourceVersionDate "2013.11.20"]
[SourceQuality "1"]

1. d4 Nf6 2. c4 g6 3. Nc3 d5 4. cxd5 Nxd5 5. Qb3 Nb6 6. Nf3 Bg7 7. Bf4 Be6 8. Qc2 Nc6 9. Rd1 Nb4 10. Qb1 N6d5 11. Be5 Nf6 12. a3 Nbd5 13. e4 Nb6 14. Nb5 0-0 15. Nxc7 Bb3 16. Rd3 Bc4 17. Nxa8 Bxd3 18. Bxd3 Qxa8 19. 0-0 Nbd7 20. Bf4 Nh5 21. Be3 Qb8 22. Rc1 Nf4 23. Bf1 Nf6 24. g3 N4h5 25. Bh3 e6 1-0

[Event "Pavlodar op"]
[Site "Pavlodar"]
[Date "2012.08.10"]
[Round "6"]
[White "Grebenschikov, Vladimir"]
[Black "Davletbayeva, Madina"]
[Result "1/2-1/2"]
[WhiteElo "2271"]
[BlackElo "2236"]
[PlyCount "57"]
[EventDate "2012.08.05"]
[EventType "swiss"]
[EventRounds "7"]
[EventCountry "KAZ"]
[SourceTitle "EXT 2014"]
[Source "ChessBase"]
[SourceDate "2013.11.20"]
[SourceVersion "1"]
[SourceVersionDate "2013.11.20"]
[SourceQuality "1"]

1. b4 e5 2. Bb2 Bxb4 3. Bxe5 Nf6 4. c4 0-0 5. Qb3 Nc6 6. Bc3 Be7 7. Nf3 d5 8. e3 dxc4 9. Bxc4 Ne4 10. Ne5 Nxe5 11. Bxe5 Bf6 12. Bb2 Bxb2 13. Qxb2 Nxf2 14. 0-0 Ng4 15. Nc3 Qh4 16. h3 Ne5 17. Bb3 c6 18. d4 Ng6 19. Rf3 Be6 20. Bxe6 fxe6 21. Qxb7 Rxf3 22. Qxa8+ Rf8 23. Qxc6 Qf2+ 24. Kh1 Qxe3 25. d5 exd5 26. Qxd5+ Kh8 27. Ne4 h6 28. Rb1 Nf4 29. Qc5 1/2-1/2

[Event "Pavlodar op"]
[Site "Pavlodar"]
[Date "2010.12.09"]
[Round "10"]
[White "Grebenschikov, Vladimir"]
[Black "Kozganbay, Erkin"]
[Result "0-1"]
[WhiteElo "2282"]
[BlackElo "2168"]
[PlyCount "61"]
[EventDate "2010.11.30"]
[EventType "swiss"]
[EventRounds "10"]
[EventCountry "KAZ"]
[SourceTitle "EXT 2012"]
[Source "ChessBase"]
[SourceDate "2011.11.24"]
[SourceVersion "1"]
[SourceVersionDate "2011.11.24"]
[SourceQuality "1"]

1. Nf3 d6 2. d4 g6 3. c4 Bg7 4. Nc3 e5 5. dxe5 dxe5 6. Qxd8+ Kxd8 7. Bg5+ f6 8. 0-0-0+ Bd7 9. Be3 Nh6 10. h3 c6 11. g4 Nf7 12. Bg2 Kc7 13. g5 f5 14. h4 Be6 15. b3 Na6 16. h5 f4 17. Bd2 Bg4 18. hxg6 hxg6 19. Nh4 Bh5 20. Be4 Nxg5 21. Bxg6 Bf6 22. Bb1 Nc5 23. f3 Be7 24. Rdg1 Nce6 25. Rg2 Rad8 26. Rhg1 Nh3 27. Rh1 Nhg5 28. Rhg1 Bf7 29. Nf5 Ba3+ 30. Kd1 Nh3 31. Rf1 0-1

[Event "Agzamov Memorial 04th"]
[Site "Tashkent"]
[Date "2010.03.24"]
[Round "2"]
[White "Turov, Maxim"]
[Black "Grebenschikov, Vladimir"]
[Result "1-0"]
[WhiteElo "2609"]
[BlackElo "2254"]
[PlyCount "69"]
[EventDate "2010.03.23"]
[EventType "swiss"]
[EventRounds "9"]
[EventCountry "UZB"]
[SourceTitle "CBM 135 Extra"]
[Source "ChessBase"]
[SourceDate "2010.05.04"]
[SourceVersion "1"]
[SourceVersionDate "2010.05.04"]
[SourceQuality "1"]

1. d4 Nf6 2. c4 e6 3. Nc3 c5 4. d5 exd5 5. cxd5 d6 6. e4 g6 7. Bd3 Bg7 8. Nf3 0-0 9. h3 Re8 10. 0-0 a6 11. a4 Nbd7 12. Bf4 c4 13. Bc2 Nc5 14. Re1 Qb6 15. a5 Qxb2 16. Ra2 Qxc3 17. Bd2 Qb3 18. Bxb3 cxb3 19. Ra3 Bd7 20. Bc3 Rac8 21. Bd4 Nfxe4 22. Bxg7 Kxg7 23. Rxb3 Nxb3 24. Qxb3 Bb5 25. Qb2+ f6 26. Nd4 Re5 27. f4 Re7 28. Ne6+ Rxe6 29. dxe6 d5 30. Qd4 Bc6 31. g4 Re8 32. f5 Ng5 33. Qb6 Rc8 34. Qb4 Re8 35. Rc1 1-0

[Event "Novosibirsk Sukharev Memorial op"]
[Site "Novosibirsk"]
[Date "2009.07.25"]
[Round "8"]
[White "Grebenschikov, Vladimir"]
[Black "Malchikov, Anton"]
[Result "1/2-1/2"]
[WhiteElo "2308"]
[BlackElo "2169"]
[PlyCount "70"]
[EventDate "2009.07.18"]
[EventType "swiss"]
[EventRounds "9"]
[EventCountry "RUS"]
[SourceTitle "CBM 131 Extra"]
[Source "ChessBase"]
[SourceDate "2009.09.03"]
[SourceVersion "2"]
[SourceVersionDate "2009.09.16"]
[SourceQuality "1"]

1. d4 Nf6 2. c4 c5 3. d5 b5 4. cxb5 a6 5. bxa6 Bxa6 6. g3 d6 7. Bg2 g6 8. Nh3 Bg7 9. Nf4 Nbd7 10. h4 h6 11. Qc2 0-0 12. Bd2 Nb6 13. 0-0 Qd7 14. Re1 Rfb8 15. Bc3 Na4 16. e4 Nxc3 17. Nxc3 Qc7 18. Rab1 Ng4 19. Bf3 Ne5 20. Be2 Qa5 21. Kg2 Nc4 22. Rec1 Ra7 23. Nd1 Nb6 24. a3 Nd7 25. b4 Qxa3 26. b5 Bc8 27. Ne3 Qa2 28. Qd1 Qa4 29. Nc4 Qxd1 30. Rxd1 Nb6 31. Rdc1 Bd7 32. Rb3 Ra2 33. Nxb6 Rxb6 34. Bc4 Bd4 35. Ne2 Bf6 1/2-1/2

[Event "Novosibirsk Sukharev Memorial op"]
[Site "Novosibirsk"]
[Date "2009.07.23"]
[Round "6"]
[White "Grebenschikov, Vladimir"]
[Black "Zaichenko, Daria"]
[Result "1-0"]
[WhiteElo "2308"]
[BlackElo "2087"]
[PlyCount "70"]
[EventDate "2009.07.18"]
[EventType "swiss"]
[EventRounds "9"]
[EventCountry "RUS"]
[SourceTitle "CBM 131 Extra"]
[Source "ChessBase"]
[SourceDate "2009.09.03"]
[SourceVersion "2"]
[SourceVersionDate "2009.09.16"]
[SourceQuality "1"]

1. b4 d5 2. Bb2 Bf5 3. Nf3 e6 4. e3 Nf6 5. a3 h6 6. Be2 Nbd7 7. 0-0 Be7 8. d3 0-0 9. Nbd2 c5 10. bxc5 Nxc5 11. a4 Rc8 12. a5 Bd6 13. Ra2 Na6 14. Nd4 Bh7 15. Nb5 Bb8 16. Qb1 Nc5 17. f4 a6 18. Nd4 Qe7 19. Rf3 Rfd8 20. Rh3 Bd6 21. N2f3 Ncd7 22. Nh4 Bb4 23. Ndf3 Rc7 24. Ra4 Bc5 25. Ne5 Rdc8 26. Qd1 Ba7 27. c4 dxc4 28. Nxc4 Nd5 29. d4 N7f6 30. Qb3 Ne4 31. Bd3 Qd7 32. Ra1 Rxc4 33. Bxc4 Nd2 34. Bxd5 Nxb3 35. Bxb3 Qb5 1-0

[Event "Zudov Memorial-A 5th"]
[Site "Nizhnij Tagil"]
[Date "2009.06.24"]
[Round "4"]
[White "Grebenschikov, Vladimir"]
[Black "Shcherbin, Matvei"]
[Result "1/2-1/2"]
[WhiteElo "2298"]
[BlackElo "2271"]
[PlyCount "143"]
[EventDate "2009.06.21"]
[EventType "tourn"]
[EventRounds "9"]
[EventCountry "RUS"]
[EventCategory "3"]
[SourceTitle "EXT 2021"]
[Source "ChessBase"]
[SourceDate "2020.10.23"]
[SourceVersion "1"]
[SourceVersionDate "2020.10.23"]
[SourceQuality "1"]

1. d4 Nf6 2. c4 g6 3. Nc3 d5 4. Nf3 Bg7 5. cxd5 Nxd5 6. Qb3 Nb6 7. e4 0-0 8. Be3 Bg4 9. Rd1 Nc6 10. d5 Ne5 11. Be2 Nxf3+ 12. gxf3 Bh3 13. Rg1 Qc8 14. a4 c6 15. a5 Nd7 16. f4 Kh8 17. Rg3 Nf6 18. Bd4 Bd7 19. f5 cxd5 20. Nxd5 Nxe4 21. Re3 Bxf5 22. Nxe7 Qe6 23. Qxb7 Bxd4 24. Rxd4 Rab8 25. Qxa7 Qf6 26. Nxf5 gxf5 27. b4 Ra8 28. Qb6 Qg7 29. Bf1 Rfb8 30. Rdxe4 Qa1+ 31. Ke2 Qb2+ 32. Ke1 Qb1+ 33. Ke2 Rxb6 34. Re8+ Rxe8 35. Rxe8+ Kg7 36. axb6 Qxb4 37. Re3 Qxb6 38. Bh3 f4 39. Rf3 Qb5+ 40. Rd3 Kf6 41. Bg2 Qh5+ 42. Kf1 Qb5 43. Ke2 f3+ 44. Bxf3 Qe5+ 45. Kf1 Qxh2 46. Bd5 Qh5 47. Be4 h6 48. Bf3 Qf5 49. Be2 Qe4 50. Rf3+ Kg7 51. Rg3+ Kf8 52. Bf3 Qf5 53. Kg2 h5 54. Rh3 Qg5+ 55. Rg3 Qh6 56. Kh3 h4 57. Rg4 Qf6 58. Bg2 Qxf2 59. Rxh4 f5 60. Rh5 Qe3+ 61. Kh2 Qe5+ 62. Kh1 Kg7 63. Rh3 Kg6 64. Rf3 Kg5 65. Kg1 Kg4 66. Kh1 Qh8+ 67. Kg1 f4 68. Rh3 Qd4+ 69. Kh1 Qf2 70. Kh2 Qe1 71. Rf3 Qe4 72. Rh3 1/2-1/2

[Event "Zudov Memorial-A 5th"]
[Site "Nizhnij Tagil"]
[Date "2009.06.24"]
[Round "5"]
[White "Timofeeva, Ekaterina"]
[Black "Grebenschikov, Vladimir"]
[Result "0-1"]
[WhiteElo "2277"]
[BlackElo "2298"]
[PlyCount "72"]
[EventDate "2009.06.21"]
[EventType "tourn"]
[EventRounds "9"]
[EventCountry "RUS"]
[EventCategory "3"]
[SourceTitle "EXT 2021"]
[Source "ChessBase"]
[SourceDate "2020.10.23"]
[SourceVersion "1"]
[SourceVersionDate "2020.10.23"]
[SourceQuality "1"]

1. Nf3 b5 2. e4 Bb7 3. Bxb5 Bxe4 4. 0-0 Nf6 5. d4 e6 6. c4 Be7 7. Nc3 Bb7 8. Ba4 0-0 9. Bc2 d6 10. Re1 Nbd7 11. Bf4 Re8 12. Qe2 Rb8 13. b3 Nf8 14. Rad1 Nh5 15. Be3 g6 16. d5 Bf6 17. Ne4 Bg7 18. Qd2 f5 19. Bg5 Qc8 20. Ng3 Nf6 21. h4 Ng4 22. dxe6 Nxe6 23. Nh2 Nxg5 24. Nxg4 Nf7 25. Nh2 Qd8 26. h5 Qh4 27. Nhf1 f4 28. hxg6 hxg6 29. Ne4 Re5 30. g3 fxg3 31. fxg3 Qh3 32. Re2 Rbe8 33. Rde1 Ng5 34. Qf4 Rxe4 35. Rxe4 Bd4+ 36. Ne3 Nxe4 0-1

[Event "Zudov Memorial-A 5th"]
[Site "Nizhnij Tagil"]
[Date "2009.06.22"]
[Round "2"]
[White "Grebenschikov, Vladimir"]
[Black "Gurkin, Anton"]
[Result "1/2-1/2"]
[WhiteElo "2298"]
[BlackElo "2182"]
[PlyCount "78"]
[EventDate "2009.06.21"]
[EventType "tourn"]
[EventRounds "9"]
[EventCountry "RUS"]
[EventCategory "3"]
[SourceTitle "EXT 2021"]
[Source "ChessBase"]
[SourceDate "2020.10.23"]
[SourceVersion "1"]
[SourceVersionDate "2020.10.23"]
[SourceQuality "1"]

1. d4 f5 2. h3 d6 3. g4 fxg4 4. hxg4 Bxg4 5. Qd3 Nf6 6. f3 Be6 7. c4 d5 8. cxd5 Qxd5 9. Nc3 Qd6 10. e4 Qg3+ 11. Kd1 Nc6 12. Nge2 Qf2 13. d5 0-0-0 14. Qe3 Qxe3 15. Bxe3 Ne5 16. Bxa7 Nxf3 17. Kc2 Bg4 18. Be3 e6 19. dxe6 Bxe6 20. Bg2 Ng4 21. Bf4 Nd4+ 22. Nxd4 Rxd4 23. Bh3 Bd6 24. Bd2 Rf8 25. Bxg4 Bxg4 26. Be3 Rc4 27. Rxh7 Be5 28. Rg1 Be6 29. Rg6 Rc6 30. Rg5 Bf6 31. Ra5 Ra6 32. Rxa6 bxa6 33. Nd5 Bxd5 34. exd5 Rd8 35. Rh5 Re8 36. Bd2 Re5 37. Rxe5 Bxe5 38. b4 Kd7 39. Kd3 g6 1/2-1/2